000 00376 a2200157 4500
001 148898
040 _cEscola São Tomás de Aquino
100 _aSALOUTTI, Elza César
240 1 0 _aPão quente e cenouras frescas
_lpor
245 1 0 _aPão quente e cenouras frescas
300 _a32
362 0 _a1984
440 1 _aÁtica
697 _a*LITERATURA INFANTO
942 _cBK
999 _c148898
_d148898